Amsterdamské ozveny
Rozširovanie Európskej únie. Prehľad štátov, ktoré postupne vstupovali do EÚ a súčasní kandidáti. Problémy, ktoré rieši EÚ v súčasnosti. Výkonnosť ekonomík krajín EÚ - podľa HDP na obyvateľa.
Salvato in:
| Autore principale: | |
|---|---|
| Natura: | Capitolo di libro |
| Lingua: | slovacco |
| Soggetti: | |
| Tags: |
Nessun Tag, puoi essere il primo ad aggiungerne!!
|
MARC
| LEADER | 00000naa a2200000 4500 | ||
|---|---|---|---|
| 001 | r027064 | ||
| 005 | 20251104124443.9 | ||
| 041 | 0 | |a slo | |
| 044 | |a SK | ||
| 245 | 1 | 0 | |a Amsterdamské ozveny |c Alexander Sotník |
| 520 | |a Rozširovanie Európskej únie. Prehľad štátov, ktoré postupne vstupovali do EÚ a súčasní kandidáti. Problémy, ktoré rieši EÚ v súčasnosti. Výkonnosť ekonomík krajín EÚ - podľa HDP na obyvateľa. | ||
| 610 | 2 | 0 | |a Európska únia |
| 610 | 2 | 0 | |a výkonnosť |
| 610 | 2 | 0 | |a makroekonomika |
| 610 | 2 | 0 | |a produkt domáci hrubý |
| 100 | 1 | |a Sotník, Alexander | |